Greenwashing: ekonomické a sociálne aspekty diplomová práca

Gespeichert in:
Bibliographische Detailangaben
1. Verfasser: Fekete, Michal
Körperschaft: Národohospodárska fakulta EU. Katedra sociálneho rozvoja a práce
Weitere Verfasser: Klimko, Roman, 1985-
Format: Buch
Sprache:Slowakisch
Veröffentlicht: Bratislava 2025
Tags: Tag hinzufügen
Keine Tags, Fügen Sie das erste Tag hinzu!

MARC

LEADER 00000nbm a2200000 4500
001 0309286
005 20251028093759.0
041 0 |a slo 
044 |a SK 
245 1 0 |a Greenwashing: ekonomické a sociálne aspekty  |b diplomová práca  |c Michal Fekete ; školiteľ: Roman Klimko 
264 1 |a Bratislava  |c 2025 
300 |a 68 s. 
100 1 |a Fekete, Michal 
700 1 |a Klimko, Roman, 1985- 
710 2 |a Národohospodárska fakulta EU. Katedra sociálneho rozvoja a práce